000 00620nam a2200181Ia 4500
008 170419s9999 xx 000 0 und d
100 _aAnagnostopoulou, Seraina C.
245 4 _aThe effect of financial leverage on real and accrual-based earnings management
245 _cSeraina C. Anagnostopoulou & Andrianos E. Tsekrekos.
260 _bRoutledge: Taylor & Francis Group
260 _c2016
300 _aFebruary
440 _aAccounting and Business Research
_v47:2
650 _aACCRUAL-BASE EARNING MANAGEMENT
650 _aLEVERAGE
650 _aMARKET PERFORMANCE
650 _aREAL EARNINGS MANAGEMENT
999 _c329465
_d329465